000 00442nam a2200169Ia 4500
008 221030s9999 xx 000 0 und d
020 _a8147495243
041 _aEnglish
082 _a105.23
_bDiw
100 _aP. Diwan
245 0 _aComputer Networks Driven E- Commerce Technologies
_cby P. Diwan, D. B. Singh
260 _bAmexcel Pub
_aNew Delhi
_c2000
300 _a550
650 _aBE Computer
700 _aD. B. Singh
942 _cBK
999 _c7210
_d7210